Normal view
MARC view
Entry Personal Name
001 - CONTROL NUMBER
- control field: 1218755
003 - CONTROL NUMBER IDENTIFIER
- control field: OSt
005 - DATE AND TIME OF LATEST TRANSACTION
- control field: 20260324144302.0
008 - FIXED-LENGTH DATA ELEMENTS
- fixed length control field: 260324|| aca||aabn | a|a d
040 ## - CATALOGING SOURCE
- Original cataloging agency: OSt
- Transcribing agency: OSt
100 ## - HEADING--PERSONAL NAME
- Personal name: George A. Corbin
670 ## - SOURCE DATA FOUND
- Source citation: Work cat.: (OSt)1825189: George A. Corbin, Native Arts Of North America, Africa, And The South Pacific
